BUSINESS COMMUNICATION (Record no. 6334)

MARC details
000 -LEADER
fixed length control field 00343nam a2200145Ia 4500
003 - CONTROL NUMBER IDENTIFIER
control field SGT
082 ## - DEWEY DECIMAL CLASSIFICATION NUMBER
Classification number 651.74,SHU
100 ## - MAIN ENTRY--PERSONAL NAME
Personal name SHUKLA,PREETI
245 ## - TITLE STATEMENT
Title BUSINESS COMMUNICATION
260 ## - PUBLICATION, DISTRIBUTION, ETC. (IMPRINT)
Name of publisher, distributor, etc SHREE MAHAVIR BOOK DEPOT
Place of publication, distribution, etc NEW DELHI
Year of Publication 2010
300 ## - PAGE DESCRIPTION
No. of Pages 199p.
650 ## - SUBJECT ADDED ENTRY--TOPICAL TERM
Topical term or geographic name as entry element OFFICE COMMUNICATION, ENGLISH
700 ## - ADDED ENTRY--PERSONAL NAME
Personal name Shukla,RMS
942 ## - ADDED ENTRY ELEMENTS (KOHA)
Source of classification or shelving scheme Dewey Decimal Classification
Koha item type FCM Books
Holdings
Withdrawn status Lost status Source of classification or shelving scheme Damaged status Not for loan Collection code Home library Current library Shelving location Date acquired Vendor Name Cost, normal purchase price SGTU Total Checkouts Full call number Accession No. (Barcode) Date last seen Date last borrowed Bill Date Koha item type
    Dewey Decimal Classification     COMMERCE MANAGEMENT SGT Science & Social Sciences Library SGT Science & Social Sciences Library Text Book 08/07/2016 GIFT BY DR. DILIP SINGH 120.00 SGTU 2 651.74 SHU CM243 20/12/2019 25/10/2019 24/03/2015 FCM Books